Darovaná daň nemusí byť vždy zadarmo
Zákon č. 366/1999 Z.z. o daniach z príjmov priniesol inštitút použitia zaplatenej dane na verejnoprospešný účel. Darca dane smie ako prijímateľa určiť len jednu právnickú osobu. Oprávnení prijímatelia dane - je to sedem subjektov. Požadovaný predmet činnosti prijímateľa dane. Daň sa poukazuje do 60...
Gespeichert in:
| 1. Verfasser: | |
|---|---|
| Format: | Buchkapitel |
| Sprache: | Slowakisch |
| Schlagworte: | |
| Tags: |
Keine Tags, Fügen Sie das erste Tag hinzu!
|
MARC
| LEADER | 00000naa a2200000 4500 | ||
|---|---|---|---|
| 001 | r043628 | ||
| 005 | 20230921112216.9 | ||
| 041 | 0 | |a slo | |
| 044 | |a SK | ||
| 245 | 1 | 0 | |a Darovaná daň nemusí byť vždy zadarmo |c Patrik Benčík |
| 520 | |a Zákon č. 366/1999 Z.z. o daniach z príjmov priniesol inštitút použitia zaplatenej dane na verejnoprospešný účel. Darca dane smie ako prijímateľa určiť len jednu právnickú osobu. Oprávnení prijímatelia dane - je to sedem subjektov. Požadovaný predmet činnosti prijímateľa dane. Daň sa poukazuje do 60 dní. Časové ohraničenie použitia finančných prostriedkov. | ||
| 610 | 2 | 0 | |a dane |
| 610 | 2 | 0 | |a dary |
| 610 | 2 | 0 | |a práce verejnoprospešné |
| 610 | 2 | 0 | |a zákony |
| 610 | 2 | 0 | |a Slovensko |
| 610 | 2 | 0 | |a osoby právnické |
| 100 | 1 | |a Benčík, Patrik | |